The Chinese - Japanese puzzle : A study of origins, causes and effects
Part I. The historical background, chapter I. The beginning of contact, chapter II. China's internal troubles, chapter III. Japan's Feudal stagnation, chapter IV. Japan's cultural debt to china, chapter V. The awakening to western ideas
Kaydedildi:
| Yazar: | |
|---|---|
| Materyal Türü: | Kitap |
| Dil: | Undetermined |
| Baskı/Yayın Bilgisi: |
London
V. Gollance ltd.
1932
|
| Konular: | |
| Etiketler: |
Etiketle
Etiket eklenmemiş, İlk siz ekleyin!
|
| Thư viện lưu trữ: | Trung tâm Học liệu Trường Đại học Cần Thơ |
|---|
| LEADER | 00812nam a2200205Ia 4500 | ||
|---|---|---|---|
| 001 | CTU_221856 | ||
| 008 | 210402s9999 xx 000 0 und d | ||
| 082 | |a 398.6 | ||
| 082 | |b W629 | ||
| 100 | |a Whymant, A. Neville J. | ||
| 245 | 4 | |a The Chinese - Japanese puzzle : | |
| 245 | 2 | |b A study of origins, causes and effects | |
| 245 | 0 | |c Neville Whymant | |
| 260 | |a London | ||
| 260 | |b V. Gollance ltd. | ||
| 260 | |c 1932 | ||
| 520 | |a Part I. The historical background, chapter I. The beginning of contact, chapter II. China's internal troubles, chapter III. Japan's Feudal stagnation, chapter IV. Japan's cultural debt to china, chapter V. The awakening to western ideas | ||
| 650 | |a Puzzles,Câu đố | ||
| 904 | |i Nguyễn An Khang,Hải | ||
| 980 | |a Trung tâm Học liệu Trường Đại học Cần Thơ | ||